LEADER 04246oam 2200673I 450 001 9910781540003321 005 20230802004312.0 010 $a1-136-66793-8 010 $a1-283-36370-4 010 $a9786613363701 010 $a0-203-80833-9 010 $a1-136-66794-6 024 7 $a10.4324/9780203808337 035 $a(CKB)2550000000074468 035 $a(EBL)735287 035 $a(OCoLC)778618297 035 $a(SSID)ssj0000554890 035 $a(PQKBManifestationID)12196809 035 $a(PQKBTitleCode)TC0000554890 035 $a(PQKBWorkID)10517730 035 $a(PQKB)10795734 035 $a(MiAaPQ)EBC735287 035 $a(Au-PeEL)EBL735287 035 $a(CaPaEBR)ebr10519622 035 $a(CaONFJC)MIL336370 035 $a(OCoLC)778448086 035 $a(EXLCZ)992550000000074468 100 $a20180706d2012 uy 0 101 0 $aeng 135 $aur|n|---||||| 181 $ctxt 182 $cc 183 $acr 200 00$aHuman rights monitoring mechanisms of the Council of Europe /$fedited by Gauthier de Beco 210 1$aMilton Park, Abingdon, Oxon ;$aNew York, N.Y. :$cRoutledge,$d2012. 215 $a1 online resource (265 p.) 225 1 $aRoutledge research in human rights law 300 $aDescription based upon print version of record. 311 $a0-415-85949-2 311 $a0-415-58162-1 320 $aIncludes bibliographical references and index. 327 $aThe Commissioner for Human Rights / Lauri Sivonen -- The European Committee for the Prevention of Torture and Inhuman or Degrading Treatment or Punishment (the CPT) / Renate Kicker -- The European Committee of Social Rights (the ECSR) / Olivier De Schutter and Matthias Sant'Ana -- The Advisory Committee on the Framework Convention for the Protection of National Minorities (the ACFC) / Gauthier de Beco and Emma Lantschner -- The European Commission against Racism and Intolerance (ECRI) / Lanna Yael Hollo -- The Committee of Experts of the European Charter for Regional or Minority Languages (the CECL) / Robert Dunbar. 330 $a"The book studies the human rights monitoring mechanisms of the Council of Europe. It provides an in-depth examination of six such mechanisms: the Commissioner for Human Rights, the European Committee for the Prevention of Torture and Inhuman or Degrading Treatment or Punishment (the CPT), the European Committee of Social Rights (the ECSR), the Advisory Committee on the Framework Convention for the Protection of National Minorities (the ACFC), the European Commission against Racism and Intolerance (ECRI) and the Committee of Experts of the European Charter for Regional or Minority Languages (the CECL). The human rights monitoring mechanisms of the Council of Europe seek to establish a permanent dialogue with governments to encourage them to better implement human rights treaties. They function principally through the use of national reports, on which basis they make recommendations, and may also visit or question states directly. The book looks at each mechanism in turn, discussing their composition, functions and working methods, as well as their relationship with other actors. It includes both a general discussion of the role of European human rights monitoring mechanisms as well as a comparative analysis of these mechanisms. The book aims to provide a clear understanding of the underlying approach of European human rights monitoring mechanisms and the challenges faced by them in terms of effectiveness. It will be useful for practitioners and students alike, especially those following courses in human rights or related fields"--$cProvided by publisher. 410 0$aRoutledge research in human rights law. 606 $aHuman rights monitoring$zEurope 606 $aHuman rights$zEurope 615 0$aHuman rights monitoring 615 0$aHuman rights 676 $a341.4/8094 676 $a342.4085 686 $aLAW000000$aLAW013000$aLAW016000$2bisacsh 701 $aDe Beco$b Gauthier$0512311 801 0$bMiAaPQ 801 1$bMiAaPQ 801 2$bMiAaPQ 906 $aBOOK 912 $a9910781540003321 996 $aHuman rights monitoring mechanisms of the Council of Europe$93693908 997 $aUNINA LEADER 09071nam 22012255 450 001 996503570403316 005 20240529160245.0 010 $a3-8394-5846-3 024 7 $a10.1515/9783839458464 035 $a(CKB)5580000000492096 035 $a(DE-B1597)600673 035 $a(DE-B1597)9783839458464 035 $a(MiAaPQ)EBC7153662 035 $a(Au-PeEL)EBL7153662 035 $a(OCoLC)1355218428 035 $a(EXLCZ)995580000000492096 100 $a20230103h20222022 fg 101 0 $ager 135 $aur||#|||||||| 181 $ctxt$2rdacontent 182 $cc$2rdamedia 183 $acr$2rdacarrier 200 00$aBewegung, Spiel und Sport im Kindesalter $eNeue Entwicklungen und Herausforderungen in der Sportpädagogik /$fhrsg. von Miriam Seyda, Jürgen Schwier 205 $a1st ed. 210 1$aBielefeld :$ctranscript Verlag,$d[2022] 210 4$d©2022 215 $a1 online resource (300 p.) 225 0 $aPädagogik 311 $a3-8376-5846-5 327 $tFrontmatter --$tInhalt --$tVorwort --$tBewegung, Spiel und Sport im Kindesalter: Befunde, Diskurse und Perspektiven --$tVerschulung oder Entschulung des Sports? Zur schulpädagogischen Maxime des Lebensweltbezugs und ihrer Bedeutung für den Schulsport --$tWas wir über den Sportunterricht der Grundschule wissen ? und was nicht --$tBewegt vom Kindergarten in die Primarschule: Protokoll zur schweizerischen »BeKiPri«-Studie --$tThematisierungen frühkindlichen Sich-Bewegens in den Bildungsplänen der Bundesländer für die frühe Kindheit --$tBewegungspraktiken von 3- bis 6-jährigen Kindern während der Corona-Pandemie 2020/2021 --$tKindheit als praktizierte Differenz: Sportpädagogik und neue Kindheitsforschung --$tSkateboarding mit Kindern: Ethnographie eines bewegungskulturellen Sozialraumes --$tEinflussfaktoren auf die Besuchspräferenz von Spielplätzen --$tFamilie als sportpädagogisches Forschungsfeld: Anschlüsse und Potenziale einer praxeologischen Perspektive --$tDigitale Medien im Sportunterricht der Grundschule: Ein systematisches Review --$tSportunterricht im Internet: Ethnographische Perspektiven auf ein neues Forschungsfeld --$tDas tänzerische Selbstkonzept bei Kindern: Empirische Annäherungen an ein bisher vernachlässigtes Konstrukt --$tVerdeckung ? Eine Strategie zur Verwirklichung inklusiver Ansprüche im Sportunterricht? --$tSchulsportverweigerung in der Grundschule --$tBewegungsfreude verspielt? Verunsicherung im Sportunterricht --$tZusammenhang von fachdidaktischem Wissen mit der Unterrichtsqualität von Grundschulsportlehrkräften --$tDen passenden Sport inszenieren und Talente entdecken --$tInterkulturelle Bewegungserziehung in der Grundschule: Von einer theoretischen Auseinandersetzung zu konkreten Überlegungen für den Schulsport --$tDabeisein ist nicht alles in adaptierten Sportspielen --$tFörderung bewegungsdidaktischen Wissens zu barrierefreien Schulhöfen durch 360°-Video-Begehungen --$tGrundschullehramtsstudierende mit dem Fach Sport im Praktikum: Entwicklung von Unterrichtsqualität und Reflexionsfähigkeit --$tNachhaltigkeit und Sport: Eine (natur-)räumliche Perspektive für einen Beitrag zu einer Bildung für Nachhaltige Entwicklung im Kinderund Jugendbereich --$tBewegung-Checks an Grundschulen als Baustein der Schulentwicklung --$tAutor*innen 330 $aSowohl der Grundschulsport als auch das organisierte und informelle Sporttreiben im Kindesalter sind in den letzten zwei Jahrzehnten mit neuartigen Herausforderungen konfrontiert und von Wandlungsprozessen erfasst worden. Neben der Berücksichtigung heterogener Lernvoraussetzungen der Schüler*innen im Fach Sport hat nicht zuletzt die Etablierung des Ganztagsunterrichts in der Grundschule eine massive Ausweitung der Kooperationen mit Sportvereinen sowie Trägern der offenen Kinder- und Jugendarbeit begünstigt. Die Beiträger*innen diskutieren zentrale Entwicklungslinien und Zukunftsaufgaben des Grundschulsports sowie des organisierten und informellen Kindersports. 410 0$aPädagogik 606 $aEDUCATION / Organizations & Institutions$2bisacsh 610 $aBody. 610 $aChildren Sports. 610 $aEducation. 610 $aEducational Research. 610 $aMovement. 610 $aPedagogy. 610 $aPrimary Education. 610 $aSport Science. 610 $aSport. 610 $aSports Club. 610 $aTheory of Education. 615 7$aEDUCATION / Organizations & Institutions. 676 $a370 702 $aAbeck$b Ina-Marie$4ctb$4https://id.loc.gov/vocabulary/relators/ctb 702 $aAdler$b Katrin$4ctb$4https://id.loc.gov/vocabulary/relators/ctb 702 $aBindel$b Tim$4ctb$4https://id.loc.gov/vocabulary/relators/ctb 702 $aBraksiek$b Michael$4ctb$4https://id.loc.gov/vocabulary/relators/ctb 702 $aBrandes$b Björn$4ctb$4https://id.loc.gov/vocabulary/relators/ctb 702 $aBükers$b Frederik$4ctb$4https://id.loc.gov/vocabulary/relators/ctb 702 $aBüscher$b Benjamin$4ctb$4https://id.loc.gov/vocabulary/relators/ctb 702 $aDiekhoff$b Henrike$4ctb$4https://id.loc.gov/vocabulary/relators/ctb 702 $aEckermann$b Torsten$4ctb$4https://id.loc.gov/vocabulary/relators/ctb 702 $aEgerer$b Mats$4ctb$4https://id.loc.gov/vocabulary/relators/ctb 702 $aFast$b Natalia$4ctb$4https://id.loc.gov/vocabulary/relators/ctb 702 $aFrohn$b Judith$4ctb$4https://id.loc.gov/vocabulary/relators/ctb 702 $aGabriel$b Lena$4ctb$4https://id.loc.gov/vocabulary/relators/ctb 702 $aGramespacher$b Elke$4ctb$4https://id.loc.gov/vocabulary/relators/ctb 702 $aGreve$b Steffen$4ctb$4https://id.loc.gov/vocabulary/relators/ctb 702 $aHeemsoth$b Tim$4ctb$4https://id.loc.gov/vocabulary/relators/ctb 702 $aHendricks$b Philipp$4ctb$4https://id.loc.gov/vocabulary/relators/ctb 702 $aHunger$b Ina$4ctb$4https://id.loc.gov/vocabulary/relators/ctb 702 $aJastrow$b Florian$4ctb$4https://id.loc.gov/vocabulary/relators/ctb 702 $aJürgensen$b Jonas$4ctb$4https://id.loc.gov/vocabulary/relators/ctb 702 $aKastrup$b Valerie$4ctb$4https://id.loc.gov/vocabulary/relators/ctb 702 $aKirchner$b Babette$4ctb$4https://id.loc.gov/vocabulary/relators/ctb 702 $aKiuppis$b Florian$4ctb$4https://id.loc.gov/vocabulary/relators/ctb 702 $aKuss$b Michèle$4ctb$4https://id.loc.gov/vocabulary/relators/ctb 702 $aLanger$b Anneke$4ctb$4https://id.loc.gov/vocabulary/relators/ctb 702 $aLohse$b Katharina$4ctb$4https://id.loc.gov/vocabulary/relators/ctb 702 $aMaier$b Jessica$4ctb$4https://id.loc.gov/vocabulary/relators/ctb 702 $aMeineke$b Darren$4ctb$4https://id.loc.gov/vocabulary/relators/ctb 702 $aMetz$b Sarah$4ctb$4https://id.loc.gov/vocabulary/relators/ctb 702 $aMeyer$b Rudolph$4ctb$4https://id.loc.gov/vocabulary/relators/ctb 702 $aPfeiffer$b Mark$4ctb$4https://id.loc.gov/vocabulary/relators/ctb 702 $aRode$b Daniel$4ctb$4https://id.loc.gov/vocabulary/relators/ctb 702 $aRudi$b Helena$4ctb$4https://id.loc.gov/vocabulary/relators/ctb 702 $aRöttger$b Martin$4ctb$4https://id.loc.gov/vocabulary/relators/ctb 702 $aSaborowski$b Maxine$4ctb$4https://id.loc.gov/vocabulary/relators/ctb 702 $aSchauer$b Leonie$4ctb$4https://id.loc.gov/vocabulary/relators/ctb 702 $aSchiller$b Daniel$4ctb$4https://id.loc.gov/vocabulary/relators/ctb 702 $aSchwarz$b Rolf$4ctb$4https://id.loc.gov/vocabulary/relators/ctb 702 $aSchwier$b Jürgen$4ctb$4https://id.loc.gov/vocabulary/relators/ctb 702 $aSchwier$b Jürgen$4edt$4http://id.loc.gov/vocabulary/relators/edt 702 $aSeyda$b Miriam$4ctb$4https://id.loc.gov/vocabulary/relators/ctb 702 $aSeyda$b Miriam$4edt$4http://id.loc.gov/vocabulary/relators/edt 702 $aSpiess$b Fabienne$4ctb$4https://id.loc.gov/vocabulary/relators/ctb 702 $aSteinberg$b Claudia$4ctb$4https://id.loc.gov/vocabulary/relators/ctb 702 $aSüßenbach$b Jessica$4ctb$4https://id.loc.gov/vocabulary/relators/ctb 702 $aThumel$b Mareike$4ctb$4https://id.loc.gov/vocabulary/relators/ctb 702 $aVerch$b Johannes$4ctb$4https://id.loc.gov/vocabulary/relators/ctb 702 $aVoss$b Anja$4ctb$4https://id.loc.gov/vocabulary/relators/ctb 702 $aWeber$b Kira Elena$4ctb$4https://id.loc.gov/vocabulary/relators/ctb 702 $aWegner$b Manfred$4ctb$4https://id.loc.gov/vocabulary/relators/ctb 702 $aWolters$b Petra$4ctb$4https://id.loc.gov/vocabulary/relators/ctb 702 $aZander$b Benjamin$4ctb$4https://id.loc.gov/vocabulary/relators/ctb 712 02$aOpen Library Erziehungswissenschaften und Bildungsforschung 2022$4fnd$4http://id.loc.gov/vocabulary/relators/fnd 801 0$bDE-B1597 801 1$bDE-B1597 906 $aBOOK 912 $a996503570403316 996 $aBewegung, Spiel und Sport im Kindesalter$93057342 997 $aUNISA